[Event "22nd PKWN Festival it"]
[Site "Naleczow POL"]
[Date "1986.07.??"]
[Round "1"]
[White "Kuligowski, Adam"]
[Black "Vukovic, Zdravko"]
[Result "0-1"]
[WhiteElo "2385"]
[BlackElo "2365"]
[EventDate "1986.07.15"]
[PlyCount "78"]

1.Nf3 Nf6 2.c4 e6 3.g3 d5 4.b3 c5 5.Bg2 Nc6 6.O-O Be7 7.e3 b6 8.Bb2 O-O 9.
Nc3 Bb7 10.Qe2 d4 11.Na4 d3 12.Qd1 Nb4 13.Ne1 Bxg2 14.Kxg2 a6 15.Bc3 Ra7 
16.Nb2 Ne4 17.f3 Nxc3 18.dxc3 d2 19.cxb4 dxe1=Q 20.Qxe1 cxb4 21.Rd1 Rd7 
22.Qe2 Bc5 23.Nd3 Bd6 24.Rd2 Qc7 25.Rfd1 Rfd8 26.Nf2 Bc5 27.Ne4 h6 28.Nxc5
bxc5 29.Rd3 Kf8 30.R1d2 Ke7 31.Qd1 Rxd3 32.Rxd3 Rxd3 33.Qxd3 Qe5 34.Kf2 
Qb2+ 35.Qe2 Qc1 36.f4 Qh1 37.Qh5 f5 38.Qh4+ Kd7 39.Qh5 Kd6 0-1

[Event "22nd PKWN Festival it"]
[Site "Naleczow POL"]
[Date "1986.07.??"]
[Round "1"]
[White "Redzepagic, Rolando"]
[Black "Przewoznik, Jan"]
[Result "0-1"]
[WhiteElo "2360"]
[BlackElo "2415"]
[EventDate "1986.07.15"]
[PlyCount "90"]

1.d4 Nf6 2.Nf3 e6 3.c4 c5 4.d5 b5 5.Bg5 Qa5+ 6.Qd2 Qxd2+ 7.Nfxd2 bxc4 8.e4
Na6 9.a3 Nc7 10.Nc3 Bb7 11.dxe6 fxe6 12.Bxc4 d5 13.exd5 exd5 14.Bd3 Bd6 
15.Nb5 Nxb5 16.Bxb5+ Kf7 17.O-O a6 18.Ba4 Rab8 19.Rad1 Rhd8 20.Nb3 Bc8 21.
Bc1 Bd7 22.Bxd7 Rxd7 23.Nd2 h6 24.Rfe1 Re7 25.Rxe7+ Kxe7 26.Nf1 Be5 27.Re1
Kd6 28.Ne3 g6 29.Nc2 g5 30.Ne3 Bxb2 31.Nf5+ Kd7 32.Re7+ Kd8 33.Bd2 Rb3 34.
Ba5+ Kc8 35.Nd6+ Kb8 36.Bc7+ Ka8 37.Rf7 Be5 38.g3 Bxd6 39.Bxd6 Ne4 40.Bf8 
c4 41.f3 Nd2 42.Kf2 c3 43.Ke2 Nxf3 44.Bxh6 c2 45.Rc7 d4 0-1

[Event "22nd PKWN Festival it"]
[Site "Naleczow POL"]
[Date "1986.07.??"]
[Round "1"]
[White "Sygulski, Artur"]
[Black "Popchev, Milko"]
[Result "1-0"]
[WhiteElo "2425"]
[BlackElo "2380"]
[EventDate "1986.07.15"]
[PlyCount "31"]

1.d4 Nf6 2.c4 e6 3.Nf3 d5 4.g3 dxc4 5.Bg2 Be7 6.O-O a6 7.Ne5 O-O 8.Nxc4 
Ra7 9.a4 Nc6 10.e3 Nb4 11.Bd2 Bd7 12.Qb3 Nc6 13.Ne5 Nxe5 14.dxe5 Ng4 15.
Bc3 Qb8 16.Qd1 1-0

[Event "22nd PKWN Festival it"]
[Site "Naleczow POL"]
[Date "1986.07.??"]
[Round "1"]
[White "Szymczak, Zbigniew"]
[Black "Horvath, Jozsef"]
[Result "1-0"]
[WhiteElo "2400"]
[BlackElo "2440"]
[EventDate "1986.07.15"]
[PlyCount "81"]

1.Nf3 Nf6 2.c4 c5 3.Nc3 Nc6 4.d4 cxd4 5.Nxd4 Qb6 6.Nxc6 dxc6 7.Qb3 e5 8.
Be3 Qxb3 9.axb3 Bb4 10.f3 Bf5 11.O-O-O Nd7 12.Bg1 f6 13.e4 Be6 14.g3 Ke7 
15.h4 b5 16.cxb5 Bxb3 17.bxc6 Nb6 18.Bxb6 Bxd1 19.Nd5+ Kd6 20.Bc7+ Kxc6 
21.Nxb4+ Kxc7 22.Kxd1 a5 23.Nd5+ Kb7 24.Bh3 a4 25.Kd2 Ra5 26.Rc1 Rb5 27.
Rc7+ Kb8 28.Rxg7 Rxb2+ 29.Kc1 a3 30.Nxf6 Rb5 31.Be6 Rc8+ 32.Kd2 Rb2+ 33.
Kd3 Rc6 34.Nd7+ Kc8 35.Bd5 Rc7 36.Be6 a2 37.Rg8+ Kb7 38.Bd5+ Ka6 39.Ra8+ 
Kb5 40.Nxe5 Rcc2 41.Nc4 1-0

[Event "22nd PKWN Festival it"]
[Site "Naleczow POL"]
[Date "1986.07.??"]
[Round "1"]
[White "Vyzhmanavin, Alexei"]
[Black "Nowak, Ignacy"]
[Result "1-0"]
[WhiteElo "2480"]
[BlackElo "2415"]
[EventDate "1986.07.15"]
[PlyCount "75"]

1.d4 Nf6 2.Nf3 g6 3.Bg5 Bg7 4.Nbd2 d5 5.e3 O-O 6.Bd3 c5 7.c3 Qb6 8.Rb1 Nc6
9.O-O e5 10.Nxe5 Nxe5 11.dxe5 Ng4 12.Nf3 Nxe5 13.Nxe5 Bxe5 14.f4 Bf6 15.
Bh6 Bg7 16.Bxg7 Kxg7 17.f5 c4 18.Bc2 Qxe3+ 19.Kh1 d4 20.Rf3 Qe5 21.cxd4 
Qd6 22.f6+ Kh8 23.Qd2 Rd8 24.Re1 Be6 25.Re4 Qf8 26.Rh4 Rd7 27.Re3 Qd8 28.
Rf3 Qf8 29.a3 Rad8 30.Qe3 Rd6 31.Kg1 Rb6 32.Rf2 Rbd6 33.Rff4 Rb6 34.Qg3 
Rbd6 35.Rxh7+ Kxh7 36.Rh4+ Kg8 37.Bxg6 Rxd4 38.Be4+ 1-0

[Event "22nd PKWN Festival it"]
[Site "Naleczow POL"]
[Date "1986.07.??"]
[Round "2"]
[White "Dybowski, Jerzy"]
[Black "Szymczak, Zbigniew"]
[Result "1/2-1/2"]
[WhiteElo "2345"]
[BlackElo "2400"]
[EventDate "1986.07.15"]
[PlyCount "25"]

1.d4 Nf6 2.c4 d6 3.Nc3 e5 4.d5 Bf5 5.g3 c6 6.Qa4 Qb6 7.Bg2 Bd7 8.Qc2 Na6 
9.e4 Nc5 10.Nge2 cxd5 11.cxd5 Qa6 12.O-O b5 13.b4 1/2-1/2

[Event "22nd PKWN Festival it"]
[Site "Naleczow POL"]
[Date "1986.07.??"]
[Round "2"]
[White "Kuligowski, Adam"]
[Black "Redzepagic, Rolando"]
[Result "1/2-1/2"]
[WhiteElo "2385"]
[BlackElo "2360"]
[EventDate "1986.07.15"]
[PlyCount "124"]

1.Nf3 d5 2.c4 c6 3.e3 Nf6 4.b3 Bg4 5.Bb2 Nbd7 6.Be2 e6 7.O-O Bd6 8.d4 Ne4 
9.Ne5 Bf5 10.f3 Nef6 11.Nd2 h6 12.e4 Bh7 13.Nxd7 Nxd7 14.e5 Be7 15.f4 a5 
16.Bg4 Bf5 17.Bxf5 exf5 18.g4 fxg4 19.Qxg4 Kf8 20.cxd5 cxd5 21.Rfc1 h5 22.
Qh3 g5 23.Qg2 Nb8 24.f5 Nc6 25.f6 Bb4 26.Nf3 Ke8 27.Nxg5 Qd7 28.a3 Bf8 29.
e6 fxe6 30.Nxe6 Bh6 31.Re1 Kf7 32.Kh1 Rae8 33.Bc1 Rxe6 34.Bxh6 Rg8 35.Bg5 
Nxd4 36.h4 Rge8 37.Bd2 Rg8 38.Bg5 Nf5 39.Qf3 Rh8 40.Rxe6 Qxe6 41.Rd1 Qe4 
42.Qxe4 dxe4 43.Rd7+ Kg6 44.Rxb7 e3 45.Kg2 e2 46.Kf2 Re8 47.Bd2 Kxf6 48.
Bxa5 Nxh4 49.Bc3+ Kf5 50.a4 Ng6 51.Rf7+ Kg4 52.Rg7 Re6 53.a5 h4 54.b4 h3 
55.b5 Kf5 56.b6 h2 57.Kg2 Nf4+ 58.Kxh2 Rh6+ 59.Kg3 Rh3+ 60.Kf2 Rxc3 61.Re7
Rb3 62.b7 Rb1 1/2-1/2

[Event "22nd PKWN Festival it"]
[Site "Naleczow POL"]
[Date "1986.07.??"]
[Round "2"]
[White "Nowak, Ignacy"]
[Black "Sygulski, Artur"]
[Result "1/2-1/2"]
[WhiteElo "2415"]
[BlackElo "2425"]
[EventDate "1986.07.15"]
[PlyCount "80"]

1.d4 d5 2.c4 dxc4 3.e4 e5 4.Nf3 exd4 5.Bxc4 Bb4+ 6.Nbd2 Nc6 7.O-O Qe7 8.
Nb3 Bd7 9.a3 Bc5 10.Nxc5 Qxc5 11.Qb3 O-O-O 12.Bxf7 Nf6 13.Bg5 Ne5 14.Bd5 
Nxf3+ 15.Qxf3 Rdf8 16.Rfc1 Qb6 17.Qg3 c6 18.b4 Nxd5 19.exd5 Rf5 20.dxc6 
bxc6 21.Be7 Qc7 22.Bd6 Qd8 23.Qd3 Kb7 24.a4 Rd5 25.Bc5 Qg5 26.Re1 Re8 27.
Rxe8 Bxe8 28.Re1 Bg6 29.Qd1 Rd7 30.h3 d3 31.Be3 Qd5 32.Bd2 Bh5 33.f3 Qd4+ 
34.Kh1 Qf2 35.Rf1 Qd4 36.Re1 Qf2 37.Rf1 Qh4 38.Qb3 Bf7 39.Qc3 Qd4 40.Qa3 
Bd5 1/2-1/2

[Event "22nd PKWN Festival it"]
[Site "Naleczow POL"]
[Date "1986.07.??"]
[Round "2"]
[White "Popchev, Milko"]
[Black "Gazik, Igor"]
[Result "1-0"]
[WhiteElo "2380"]
[BlackElo "2420"]
[EventDate "1986.07.15"]
[PlyCount "64"]

1.e4 Nf6 2.Nc3 e5 3.g3 d5 4.exd5 Nxd5 5.Bg2 Nxc3 6.bxc3 Bc5 7.Nf3 e4 8.Nd4
Bxd4 9.cxd4 Qxd4 10.Ba3 Qa4 11.Qc1 Nc6 12.O-O Bf5 13.Rb1 O-O-O 14.Qb2 b6 
15.d3 Rhe8 16.Rbc1 Nd4 17.Kh1 a5 18.dxe4 Bxe4 19.f3 Bb7 20.c4 Re3 21.Rc3 
Re2 22.Qb1 Nc2 23.Bc1 Ne1 24.c5 Qc6 25.Bg5 Rxg2 26.Qxe1 f6 27.cxb6 Qxb6 
28.Bf4 Rb2 29.Bxc7 Qb5 30.Qe6+ Qd7 31.Be5+ Bc6 32.Rxc6+ Kb7 1-0

[Event "22nd PKWN Festival it"]
[Site "Naleczow POL"]
[Date "1986.07.??"]
[Round "2"]
[White "Przewoznik, Jan"]
[Black "Vyzhmanavin, Alexei"]
[Result "1-0"]
[WhiteElo "2415"]
[BlackElo "2480"]
[EventDate "1986.07.15"]
[PlyCount "171"]

1.e4 c5 2.Nf3 Nc6 3.d4 cxd4 4.Nxd4 Nf6 5.Nc3 e5 6.Ndb5 d6 7.Bg5 a6 8.Na3 
b5 9.Nd5 Qa5+ 10.Bd2 Qd8 11.Bg5 Be7 12.Bxf6 Bxf6 13.c3 O-O 14.Nc2 Rb8 15.
Be2 Bg5 16.O-O a5 17.Qd3 Ne7 18.Nce3 Bxe3 19.Nxe7+ Qxe7 20.Qxe3 Be6 21.
Rfd1 Rfc8 22.a3 h6 23.h3 Rc6 24.Rd2 Qc7 25.Kh2 Rc5 26.Rad1 Rd8 27.Kg1 Kh7 
28.Bg4 Bb3 29.Re1 g6 30.h4 h5 31.Bd1 Be6 32.Qg5 Rh8 33.Re3 Kg7 34.Red3 Rc6
35.Rxd6 Rc5 36.Bb3 f6 37.Qe3 Bc8 38.Be6 Bxe6 39.Rxe6 Rf8 40.Red6 Rf7 41.
Rd8 b4 42.axb4 axb4 43.cxb4 Rb5 44.Ra8 Rb8 45.Rxb8 Qxb8 46.Qc5 Rc7 47.Qd5 
Qxb4 48.Qd8 Rf7 49.Rc2 Qe1+ 50.Kh2 Qxe4 51.Rc8 Qxh4+ 52.Kg1 Kh6 53.Qh8+ 
Kg5 54.Rc3 Rb7 55.Rf3 Rb6 56.Qc8 Kh6 57.Rh3 Qf4 58.Rf3 Qg4 59.Qf8+ Kh7 60.
Qe7+ Kh6 61.Qf8+ Kh7 62.Qe7+ Kh6 63.Rxf6 Rxf6 64.Qxf6 Qd4 65.Qf8+ Kg5 66.
b4 Qc4 67.Qd8+ Kf5 68.Qd2 Ke6 69.Qb2 Qb5 70.Qc3 Kd5 71.g3 Qc4 72.Qf3+ Kd4 
73.Qb7 Qd5 74.Qb6+ Kc4 75.Qxg6 Qd1+ 76.Kg2 Qd5+ 77.f3 Kxb4 78.Qxh5 Kc5 79.
Qh6 Qa2+ 80.Kh3 Kd5 81.Qe3 Qc2 82.g4 Qh7+ 83.Kg3 Qh1 84.g5 Ke6 85.Qe4 Qg1+
86.Kh4 1-0

[Event "22nd PKWN Festival it"]
[Site "Naleczow POL"]
[Date "1986.07.??"]
[Round "2"]
[White "Vukovic, Zdravko"]
[Black "Horvath, Jozsef"]
[Result "1/2-1/2"]
[WhiteElo "2365"]
[BlackElo "2440"]
[EventDate "1986.07.15"]
[PlyCount "36"]

1.e4 c5 2.Nf3 e6 3.b3 Nc6 4.Bb2 a6 5.d4 cxd4 6.Nxd4 Bb4+ 7.Nd2 Nf6 8.Nxc6 
dxc6 9.Bd3 Qa5 10.a3 Bc3 11.Bxc3 Qxc3 12.O-O e5 13.Nc4 O-O 14.Qe1 Qxe1 15.
Rfxe1 Re8 16.Nb6 Rb8 17.Rad1 Be6 18.f3 Kf8 1/2-1/2

[Event "22nd PKWN Festival it"]
[Site "Naleczow POL"]
[Date "1986.07.??"]
[Round "3"]
[White "Gazik, Igor"]
[Black "Nowak, Ignacy"]
[Result "1/2-1/2"]
[WhiteElo "2420"]
[BlackElo "2415"]
[EventDate "1986.07.15"]
[PlyCount "87"]

1.e4 c5 2.Nf3 e6 3.d4 cxd4 4.Nxd4 Nf6 5.Nc3 d6 6.Be2 Be7 7.O-O O-O 8.f4 a6
9.Qe1 Nc6 10.Be3 Qc7 11.Qg3 Bd7 12.e5 dxe5 13.fxe5 Nxe5 14.Bf4 Bd6 15.Kh1 
Rad8 16.Rad1 Be8 17.Nb3 Nd5 18.Nxd5 exd5 19.Rxd5 f6 20.Nd4 Bf7 21.Rxd6 
Rxd6 22.Nf5 Bg6 23.Nxd6 Qxd6 24.Qb3+ Bf7 25.Qxb7 Rb8 26.Qa7 Rxb2 27.Rd1 
Qf8 28.Qc7 Rb8 29.a4 Rc8 30.Qa5 Bc4 31.Bxc4+ Nxc4 32.Qxa6 Qe8 33.Qb7 Qc6 
34.Qb5 Qxb5 35.axb5 Rc5 36.Kg1 Rxb5 37.Rd8+ Kf7 38.Rc8 Rb4 39.Kf2 Kg6 40.
Rc7 Ra4 41.g4 Nb6 42.Bd6 Rxg4 43.Bf8 Rc4 44.Rxg7+ 1/2-1/2

[Event "22nd PKWN Festival it"]
[Site "Naleczow POL"]
[Date "1986.07.??"]
[Round "3"]
[White "Horvath, Jozsef"]
[Black "Dybowski, Jerzy"]
[Result "1/2-1/2"]
[WhiteElo "2440"]
[BlackElo "2345"]
[EventDate "1986.07.15"]
[PlyCount "95"]

1.e4 c5 2.Nf3 Nc6 3.d4 cxd4 4.Nxd4 Nf6 5.Nc3 e5 6.Ndb5 d6 7.Bg5 a6 8.Na3 
b5 9.Nd5 Qa5+ 10.Bd2 Qd8 11.Nxf6+ Qxf6 12.Bd3 Be7 13.O-O Qg6 14.Kh1 O-O 
15.Be1 Nd4 16.f3 Ne6 17.c4 Nf4 18.Bg3 Nh5 19.Qe1 Nxg3+ 20.Qxg3 b4 21.Nc2 
Rb8 22.Ne3 Qxg3 23.hxg3 Be6 24.Rad1 Rfc8 25.f4 Bd8 26.Be2 Rc6 27.Rf3 f6 
28.b3 Kf8 29.c5 exf4 30.gxf4 dxc5 31.e5 fxe5 32.fxe5+ Kg8 33.Nf5 Bg5 34.
Rdf1 Bxf5 35.Rxf5 Rh6+ 36.Kg1 Be3+ 37.R1f2 g5 38.Bc4+ Kh8 39.Kf1 Bxf2 40.
Kxf2 Rg6 41.e6 Re8 42.Rxc5 Re7 43.g4 Kg7 44.Ke3 h6 45.Ke4 Rf6 46.Ke5 Rf4 
47.Rc8 Rf8 48.Rc5 1/2-1/2

[Event "22nd PKWN Festival it"]
[Site "Naleczow POL"]
[Date "1986.07.??"]
[Round "3"]
[White "Redzepagic, Rolando"]
[Black "Vukovic, Zdravko"]
[Result "1/2-1/2"]
[WhiteElo "2360"]
[BlackElo "2365"]
[EventDate "1986.07.15"]
[PlyCount "90"]

1.d4 d5 2.c4 e6 3.Nc3 Be7 4.Nf3 Nf6 5.Bg5 O-O 6.e3 Nbd7 7.Qc2 b6 8.cxd5 
exd5 9.Bd3 Bb7 10.Bf4 c5 11.O-O a6 12.a4 c4 13.Bf5 g6 14.Bh3 Nh5 15.Bh6 
Re8 16.g4 Ng7 17.Bg2 Ne6 18.h3 Bb4 19.Ne2 b5 20.Ra2 Bd6 21.axb5 axb5 22.
Rfa1 Rxa2 23.Rxa2 b4 24.Ra7 b3 25.Qc1 Qb6 26.Ra1 Ra8 27.Nd2 Rxa1 28.Qxa1 
Bb4 29.Nb1 Qa5 30.Qxa5 Bxa5 31.Nbc3 Nb6 32.f4 f5 33.gxf5 gxf5 34.Bg5 Kf7 
35.Bh4 Bc6 36.Kf1 Ng7 37.Bf3 Ke6 38.Bd8 Bxc3 39.Nxc3 Na4 40.Bxd5+ Bxd5 41.
Nxa4 Ne8 42.Ke2 Nd6 43.Nc5+ Kf7 44.Kd2 Ne4+ 45.Nxe4 Bxe4 1/2-1/2

[Event "22nd PKWN Festival it"]
[Site "Naleczow POL"]
[Date "1986.07.??"]
[Round "3"]
[White "Sygulski, Artur"]
[Black "Przewoznik, Jan"]
[Result "0-1"]
[WhiteElo "2425"]
[BlackElo "2415"]
[EventDate "1986.07.15"]
[PlyCount "110"]

1.d4 Nf6 2.Nf3 e6 3.c4 c5 4.Nc3 cxd4 5.Nxd4 Bb4 6.Nc2 Bxc3+ 7.bxc3 O-O 8.
Ba3 Re8 9.Nd4 d5 10.e3 e5 11.Nb5 a6 12.Nd6 Re6 13.Nxc8 Qxc8 14.g4 dxc4 15.
g5 Nfd7 16.Bh3 Qc6 17.Rg1 Re8 18.Bg2 e4 19.Qd4 Qa4 20.Bd6 Nc6 21.Qd1 Qa5 
22.Qc2 Qxg5 23.O-O-O Qf5 24.f4 Nc5 25.Bh3 Qxh3 26.Bxc5 Rad8 27.Rxd8 Rxd8 
28.Qxe4 Qxh2 29.Rg2 Qh1+ 30.Kc2 Qd1+ 31.Kb2 Rd2+ 32.Rxd2 Qxd2+ 33.Kb1 Qd3+
34.Qxd3 cxd3 35.Kc1 f5 36.Kd2 Nb8 37.Kxd3 Nd7 38.Bb4 Nf6 39.c4 Kf7 40.Kd4 
Ke6 41.Kc5 Ng4 42.Kb6 Nxe3 43.Kxb7 Nxc4 44.Kxa6 h5 45.Be1 Na3 46.Bh4 Kd5 
47.Ka5 Kc4 48.Kb6 Kd5 49.Be7 Ke4 50.Bg5 Kf3 51.Kc5 Kg4 52.Kb4 h4 53.Bxh4 
Kxh4 54.Kxa3 g5 55.fxg5 Kxg5 0-1

[Event "22nd PKWN Festival it"]
[Site "Naleczow POL"]
[Date "1986.07.??"]
[Round "3"]
[White "Szymczak, Zbigniew"]
[Black "Popchev, Milko"]
[Result "0-1"]
[WhiteElo "2400"]
[BlackElo "2380"]
[EventDate "1986.07.15"]
[PlyCount "80"]

1.d4 d6 2.c4 e5 3.Nf3 exd4 4.Nxd4 g6 5.g3 Bg7 6.Bg2 Ne7 7.O-O O-O 8.Nc3 
Nbc6 9.Nxc6 bxc6 10.Bg5 Rb8 11.Qd2 f6 12.Be3 c5 13.Rad1 Be6 14.b3 a6 15.
Bh6 Rf7 16.Bxg7 Kxg7 17.Ne4 Qc8 18.Qc3 Rf8 19.e3 Bh3 20.Bxh3 Qxh3 21.f3 
Nc6 22.Ng5 Qd7 23.f4 Rbe8 24.f5 Nd8 25.fxg6 hxg6 26.Rf4 Re5 27.Nf3 Re7 28.
Nh4 Qe6 29.Ng2 Nc6 30.Rdf1 Qe5 31.Qc2 Qg5 32.Re4 Rfe8 33.Rxe7+ Rxe7 34.Nf4
Rxe3 35.Qg2 Nd4 36.Qh3 f5 37.Nd5 Re2 38.Nxc7 Qe3+ 39.Kh1 Qe4+ 40.Kg1 Nf3+ 
0-1

[Event "22nd PKWN Festival it"]
[Site "Naleczow POL"]
[Date "1986.07.??"]
[Round "3"]
[White "Vyzhmanavin, Alexei"]
[Black "Kuligowski, Adam"]
[Result "1/2-1/2"]
[WhiteElo "2480"]
[BlackElo "2385"]
[EventDate "1986.07.15"]
[PlyCount "85"]

1.d4 Nf6 2.c4 e6 3.Nc3 Bb4 4.e3 O-O 5.Bd3 d5 6.Ne2 c5 7.cxd5 cxd4 8.exd4 
Nxd5 9.O-O Nc6 10.Qc2 h6 11.a3 Be7 12.Rd1 Bf6 13.Bc4 Nce7 14.Qe4 b6 15.Bd3
Nf5 16.Ng3 Nxc3 17.bxc3 Bd7 18.Nh5 Rc8 19.Bd2 Bg5 20.Qe5 Qc7 21.Qxc7 Rxc7 
22.f4 Be7 23.a4 Nd6 24.Re1 Rfc8 25.f5 Bg5 26.Bf4 Bxf4 27.Nxf4 Rxc3 28.fxe6
Bxe6 29.Ba6 Re8 30.Bb5 Rd8 31.Bf1 Bc4 32.Re7 Bxf1 33.Rxf1 Rc4 34.Rxa7 Rxd4
35.h3 Nc8 36.Ra8 Ne7 37.Ra6 Rb4 38.Ra7 Nc6 39.Rc7 Ne5 40.Re7 Rxf4 41.Rxf4 
Ng6 42.Rfxf7 Nxe7 43.Rxe7 1/2-1/2

[Event "22nd PKWN Festival it"]
[Site "Naleczow POL"]
[Date "1986.07.??"]
[Round "4"]
[White "Kuligowski, Adam"]
[Black "Sygulski, Artur"]
[Result "1-0"]
[WhiteElo "2385"]
[BlackElo "2425"]
[EventDate "1986.07.15"]
[PlyCount "107"]

1.d4 d5 2.c4 c6 3.Nf3 Nf6 4.Qb3 Qb6 5.c5 Qxb3 6.axb3 Bf5 7.Nc3 Nbd7 8.b4 
Ne4 9.b5 e5 10.e3 Be7 11.bxc6 bxc6 12.Ra6 Nxc3 13.bxc3 Nb8 14.Ra5 exd4 15.
cxd4 O-O 16.Bd2 f6 17.Bc3 Rf7 18.Kd2 Bd8 19.Ra3 Rb7 20.Be2 g5 21.Rha1 Kf7 
22.Ne1 Kg6 23.g4 Be6 24.h3 f5 25.Nd3 Bf6 26.Nb4 h5 27.Bd3 Bd8 28.Rg1 hxg4 
29.hxg4 a5 30.Bxf5+ Bxf5 31.gxf5+ Kxf5 32.Nd3 Nd7 33.f3 Bc7 34.Rh1 Kg6 35.
Raa1 Rf8 36.Rh3 a4 37.Rxa4 g4 38.fxg4 Nf6 39.Nf2 Nh7 40.Nd3 Ng5 41.Rh1 
Ne4+ 42.Kc2 Rf3 43.Ra6 Rxe3 44.Rxc6+ Kg5 45.Bd2 Nxd2 46.Kxd2 Re4 47.Rh5+ 
Kxg4 48.Rxd5 Ba5+ 49.Kd1 Re3 50.Ne5+ Kf4 51.Nc4 Rd3+ 52.Ke2 Rc3 53.Rf6+ 
Ke4 54.Re5+ 1-0

[Event "22nd PKWN Festival it"]
[Site "Naleczow POL"]
[Date "1986.07.??"]
[Round "4"]
[White "Nowak, Ignacy"]
[Black "Szymczak, Zbigniew"]
[Result "0-1"]
[WhiteElo "2415"]
[BlackElo "2400"]
[EventDate "1986.07.15"]
[PlyCount "142"]

1.d4 d5 2.c4 dxc4 3.Nf3 Nf6 4.Nc3 c5 5.d5 e6 6.e4 exd5 7.e5 Nfd7 8.Bg5 Be7
9.Bxe7 Qxe7 10.Nxd5 Qd8 11.Bxc4 Nc6 12.O-O O-O 13.Re1 Nb6 14.Nxb6 axb6 15.
h3 Bf5 16.Qc1 Qe7 17.Qf4 Be6 18.a3 Rad8 19.Re4 Bxc4 20.Rxc4 f6 21.exf6 
Rxf6 22.Qh4 Ne5 23.Nxe5 Qxe5 24.Rc2 Rd4 25.Qg3 Qxg3 26.fxg3 Kf7 27.Re1 Re6
28.Rf1+ Ke7 29.g4 Rde4 30.Rff2 Kd6 31.Rfd2+ Kc6 32.Kf2 Rf6+ 33.Kg3 Re3+ 
34.Kh2 Rf7 35.Rd8 Rfe7 36.Rh8 h6 37.Rg8 Kb5 38.Rd2 c4 39.g5 hxg5 40.Rd5+ 
Ka4 41.Rxg5 Re2 42.Ra8+ Kb3 43.Rb5+ Ka2 44.Ra4 Rxb2 45.Rxb2+ Kxb2 46.Rxc4 
Kxa3 47.Rc3+ Ka4 48.Rc1 b5 49.Ra1+ Kb3 50.Rb1+ Kc4 51.Rc1+ Kd3 52.Rb1 Kc4 
53.Rc1+ Kd5 54.Rb1 Kc5 55.Rc1+ Kb6 56.Rb1 Re4 57.Kg3 b4 58.Kf3 Rc4 59.Ke3 
Kc5 60.Kd2 b6 61.g4 Rc3 62.h4 Rg3 63.g5 b3 64.Re1 Kb4 65.Re6 Rg2+ 66.Kd3 
b5 67.Re4+ Ka3 68.Re5 Ka4 69.h5 b2 70.Re1 Kb3 71.h6 Rxg5 0-1

[Event "22nd PKWN Festival it"]
[Site "Naleczow POL"]
[Date "1986.07.??"]
[Round "4"]
[White "Popchev, Milko"]
[Black "Horvath, Jozsef"]
[Result "0-1"]
[WhiteElo "2380"]
[BlackElo "2440"]
[EventDate "1986.07.15"]
[PlyCount "96"]

1.d4 Nf6 2.Nf3 e6 3.e3 c5 4.Bd3 b6 5.O-O Bb7 6.b3 Be7 7.Bb2 O-O 8.Nbd2 
cxd4 9.exd4 d6 10.Re1 Nbd7 11.a3 Rc8 12.b4 Re8 13.c4 Bf8 14.Bf1 Qc7 15.Rc1
Qb8 16.g3 Rcd8 17.Bg2 g6 18.Nb3 Bg7 19.Qc2 Rc8 20.Nh4 Rc7 21.Qd3 e5 22.
dxe5 dxe5 23.Bxb7 Qxb7 24.Ng2 h5 25.Qe2 e4 26.Ne3 Ne5 27.Bxe5 Rxe5 28.c5 
h4 29.Red1 Kh7 30.Rd6 Qc8 31.Rcd1 hxg3 32.fxg3 Rh5 33.Rf1 Rc6 34.Rxc6 Qxc6
35.Qc4 bxc5 36.Nxc5 Kg8 37.Rd1 Bh6 38.Rd8+ Kg7 39.Qc3 Kh7 40.Kg2 Bxe3 41.
Qxe3 Rxh2+ 42.Kg1 Rh3 43.Kg2 Rh5 44.Kg1 Rf5 45.g4 Rf3 46.Qe1 g5 47.Kg2 e3 
48.Qb1+ Kg7 0-1

[Event "22nd PKWN Festival it"]
[Site "Naleczow POL"]
[Date "1986.07.??"]
[Round "4"]
[White "Przewoznik, Jan"]
[Black "Gazik, Igor"]
[Result "1/2-1/2"]
[WhiteElo "2415"]
[BlackElo "2420"]
[EventDate "1986.07.15"]
[PlyCount "31"]

1.e4 c5 2.Nf3 d6 3.d4 cxd4 4.Nxd4 Nf6 5.Nc3 g6 6.Be3 Bg7 7.f3 Nc6 8.Qd2 
O-O 9.O-O-O d5 10.exd5 Nxd5 11.Nxc6 bxc6 12.Bd4 e5 13.Bc5 Be6 14.Ne4 Re8 
15.g4 Rb8 16.Bc4 1/2-1/2

[Event "22nd PKWN Festival it"]
[Site "Naleczow POL"]
[Date "1986.07.??"]
[Round "4"]
[White "Redzepagic, Rolando"]
[Black "Vyzhmanavin, Alexei"]
[Result "0-1"]
[WhiteElo "2360"]
[BlackElo "2480"]
[EventDate "1986.07.15"]
[PlyCount "82"]

1.d4 Nf6 2.Nf3 e6 3.c4 b6 4.g3 Ba6 5.Nbd2 Bb7 6.Bg2 Be7 7.O-O O-O 8.b3 d5 
9.Bb2 Nbd7 10.Rc1 c5 11.e3 Rc8 12.Rc2 Re8 13.a4 cxd4 14.exd4 Nb8 15.Ne5 
Nc6 16.Nxc6 Bxc6 17.Qa1 dxc4 18.Bxc6 Rxc6 19.bxc4 Qc7 20.Rfc1 Nd5 21.Nf3 
Bf6 22.Qa3 a5 23.Qb3 Nb4 24.Rc3 Rd8 25.Ba3 Bxd4 26.Nxd4 Rxd4 27.Bxb4 axb4 
28.Qxb4 h5 29.Qb5 Rc5 30.Qe8+ Kh7 31.Rf3 Kg6 32.Re1 e5 33.a5 bxa5 34.Rb1 
Rd8 35.Qa4 Rxc4 36.Rb6+ f6 37.Qxa5 Rc1+ 38.Kg2 Rdd1 39.Rfb3 Rg1+ 40.Kf3 
e4+ 41.Kxe4 Qc4+ 0-1

[Event "22nd PKWN Festival it"]
[Site "Naleczow POL"]
[Date "1986.07.??"]
[Round "4"]
[White "Vukovic, Zdravko"]
[Black "Dybowski, Jerzy"]
[Result "1/2-1/2"]
[WhiteElo "2365"]
[BlackElo "2345"]
[EventDate "1986.07.15"]
[PlyCount "118"]

1.e4 c5 2.b3 e5 3.Bc4 Nf6 4.Nc3 Be7 5.Nge2 Nc6 6.O-O Nxe4 7.Nxe4 d5 8.N4c3
dxc4 9.bxc4 Be6 10.d3 O-O 11.f4 exf4 12.Bxf4 Bf6 13.Qd2 Nd4 14.Rab1 Nxe2+ 
15.Nxe2 b6 16.Ng3 Re8 17.Kh1 Qd7 18.Nh5 Bd4 19.Rbe1 Bg4 20.Ng3 Rxe1 21.
Rxe1 Re8 22.h3 Rxe1+ 23.Qxe1 Bxh3 24.c3 Bf6 25.gxh3 g5 26.Be5 Qxh3+ 27.Kg1
Qe6 28.d4 Bg7 29.Qe4 f6 30.Bb8 Qxe4 31.Nxe4 cxd4 32.cxd4 f5 33.Nxg5 Bxd4+ 
34.Kg2 a6 35.a4 Be3 36.Ne6 Kf7 37.Nc7 Bf4 38.Kf3 Bd6 39.Nxa6 Bxb8 40.Nxb8 
Ke6 41.Kf4 h5 42.Na6 h4 43.Nb4 Kd6 44.Nd3 Kc6 45.Kf3 Kd6 46.Kf4 Kc6 47.Ke5
h3 48.Kd4 h2 49.Nf2 f4 50.Kc3 Kc5 51.Nh1 f3 52.Nf2 Kd6 53.Kb4 Kc6 54.Nh1 
Kd6 55.Nf2 Kc6 56.Kb3 Kd6 57.Kc2 Kc5 58.Kc3 Kd6 59.Kb4 Kc6 1/2-1/2

[Event "22nd PKWN Festival it"]
[Site "Naleczow POL"]
[Date "1986.07.??"]
[Round "5"]
[White "Dybowski, Jerzy"]
[Black "Popchev, Milko"]
[Result "0-1"]
[WhiteElo "2345"]
[BlackElo "2380"]
[EventDate "1986.07.15"]
[PlyCount "52"]

1.d4 d6 2.c4 e5 3.Nf3 exd4 4.Nxd4 g6 5.g3 Bg7 6.Bg2 Ne7 7.O-O O-O 8.Na3 
Nbc6 9.Nac2 Rb8 10.Rb1 Ne5 11.b3 a6 12.Bb2 c5 13.Nf3 b5 14.cxb5 axb5 15.
Nxe5 dxe5 16.Qxd8 Rxd8 17.Rbd1 Bg4 18.f3 Be6 19.Ne3 f5 20.Rxd8+ Rxd8 21.
Rc1 Bh6 22.Kf2 Nd5 23.f4 exf4 24.gxf4 Nxf4 25.Bc6 Rd2 26.Rc2 Nd3+ 0-1

[Event "22nd PKWN Festival it"]
[Site "Naleczow POL"]
[Date "1986.07.??"]
[Round "5"]
[White "Gazik, Igor"]
[Black "Kuligowski, Adam"]
[Result "0-1"]
[WhiteElo "2420"]
[BlackElo "2385"]
[EventDate "1986.07.15"]
[PlyCount "56"]

1.e4 e5 2.Nf3 Nc6 3.Bb5 g6 4.d4 Nxd4 5.Nxd4 exd4 6.Qxd4 Qf6 7.Qd3 Bg7 8.
Nc3 Ne7 9.f4 O-O 10.Be3 c6 11.e5 Qh4+ 12.g3 Qh5 13.Bc5 Re8 14.Qe2 cxb5 15.
Qxh5 gxh5 16.Nxb5 b6 17.Ba3 Bb7 18.Rg1 Nf5 19.Nc7 Bxe5 20.fxe5 Rxe5+ 21.
Kf2 Rc8 22.g4 Rxc7 23.gxf5+ Kh8 24.c3 Rxf5+ 25.Ke2 Rc6 26.Raf1 Ba6+ 27.Kd2
Bxf1 28.Bf8 Rg6 0-1

[Event "22nd PKWN Festival it"]
[Site "Naleczow POL"]
[Date "1986.07.??"]
[Round "5"]
[White "Horvath, Jozsef"]
[Black "Nowak, Ignacy"]
[Result "1-0"]
[WhiteElo "2440"]
[BlackElo "2415"]
[EventDate "1986.07.15"]
[PlyCount "73"]

1.e4 c5 2.Nf3 e6 3.d4 cxd4 4.Nxd4 Nf6 5.Nc3 d6 6.g4 e5 7.Bb5+ Bd7 8.Bxd7+ 
Qxd7 9.Nf5 h5 10.f3 hxg4 11.fxg4 g6 12.Ne3 Nc6 13.Qf3 Be7 14.Bd2 Nd4 15.
Qg2 Rc8 16.O-O-O b5 17.g5 Nh5 18.Ned5 Bd8 19.Be3 Ne6 20.Kb1 Nc5 21.Rhf1 a6
22.Rf3 Qe6 23.h3 Rb8 24.Nb4 Rc8 25.a3 Nf4 26.Bxf4 exf4 27.Nbd5 Qe5 28.Nxf4
Qxg5 29.Qe2 Rh4 30.Qf2 Be7 31.Rd5 Qh6 32.e5 dxe5 33.Rxe5 Ne6 34.Nxe6 fxe6 
35.Rxe6 Rh5 36.Rf7 Rc7 37.Qf6 1-0

[Event "22nd PKWN Festival it"]
[Site "Naleczow POL"]
[Date "1986.07.??"]
[Round "5"]
[White "Sygulski, Artur"]
[Black "Redzepagic, Rolando"]
[Result "1-0"]
[WhiteElo "2425"]
[BlackElo "2360"]
[EventDate "1986.07.15"]
[PlyCount "67"]

1.d4 d5 2.Nf3 c6 3.c4 Nf6 4.Nc3 e6 5.e3 Nbd7 6.b3 Bd6 7.Bb2 O-O 8.Be2 dxc4
9.bxc4 e5 10.O-O e4 11.Nd2 Re8 12.Qc2 Nf8 13.Ndxe4 Nxe4 14.Nxe4 Bf5 15.Bd3
Bxe4 16.Bxe4 Bxh2+ 17.Kxh2 Qh4+ 18.Kg1 Rxe4 19.g3 Rg4 20.Kg2 Qg5 21.Rh1 
Re8 22.Rh3 Rge4 23.Rah1 h6 24.Rh5 Qe7 25.Qc3 Ng6 26.d5 f6 27.Qd3 Qb4 28.
Bd4 c5 29.d6 cxd4 30.d7 Qe7 31.dxe8=Q+ Qxe8 32.exd4 Nf4+ 33.gxf4 Qg6+ 34.
Qg3 1-0